A betokosodott agyú harmincon túliak _ idióták. Az őrült majom, Szent-Györgyi Albert könyvének bemutatása
Könyvszemle. "Az őrült majom, Szent-Györgyi Albert könyve, Philosophical Library, New York 1970.pp.93.
Elmentve itt :
| Szerző: | |
|---|---|
| Dokumentumtípus: | Cikk |
| Megjelent: |
1970-08-15
|
| Sorozat: | The Berkshire Eagle, Pittsfield, Massachusetts
|
| Online Access: | http://misc.bibl.u-szeged.hu/74337 |
| LEADER | 00772nab a2200169 i 4500 | ||
|---|---|---|---|
| 001 | misc74337 | ||
| 005 | 20231129144546.0 | ||
| 008 | 231129s1970 hu o 000 hun d | ||
| 040 | |a SZTE Miscellanea Repozitórium |b hun | ||
| 041 | |a hun | ||
| 100 | 1 | |a Sass Samuel | |
| 245 | 1 | 2 | |a A betokosodott agyú harmincon túliak _ idióták. Az őrült majom, Szent-Györgyi Albert könyvének bemutatása |h [elektronikus dokumentum] / |c Sass Samuel |
| 260 | |c 1970-08-15 | ||
| 490 | 0 | |a The Berkshire Eagle, Pittsfield, Massachusetts | |
| 520 | 3 | |a Könyvszemle. "Az őrült majom, Szent-Györgyi Albert könyve, Philosophical Library, New York 1970.pp.93. | |
| 561 | |a Szent-Györgyi Albertről szóló irodalom | ||
| 856 | 4 | 0 | |u http://misc.bibl.u-szeged.hu/74337/1/szgya_1970_010.pdf |z Dokumentum-elérés |